000 00719nam a2200241Ia 4500
003 OSt
005 20220918205306.0
006 a|||||r|||| 00| 0
007 ta
008 220917b |||||||| |||| 00| 0 eng d
024 _a116,025
037 _cTextual
040 _aARTS
_cARTS
_beng
041 _2eng
_aeng
082 _aV6.M7, L0 (906)
100 _aHallett Robin
_9114691
245 0 _aAfrica to 1875
_b a modern histiory
260 _aAnn arbor
_bUniv Of Michigan press
_c1970
490 _aUniversity iof michigan history of modern world ed by Allan nevis and howard M Ehrmann
650 _aHISTORY
942 _hV6.M7, L0 (906)
_cTEXL
_2CC
999 _c239353
_d239353